| 000 | 01294nam a2200337 4500 | ||
|---|---|---|---|
| 001 | 0000021711 | ||
| 003 | CO-CtgCURN | ||
| 005 | 20250329164840.0 | ||
| 007 | ta | ||
| 008 | 160627s2001 000 0 eng d | ||
| 020 | _a958200031X | ||
| 040 |
_aCO-CtgCURN _bspa _ccoctgcurn |
||
| 082 | 0 |
_a371.33 _bB644 |
|
| 100 | 1 | _aBorda Avila, Elizabeth. | |
| 245 | 1 | 0 |
_aAyudas educativas : _bcreatividad y aprendizaje / _cElizabeth Borda avila y Elizabeth Paez Rodríguez. |
| 260 |
_aBogotá : _bCooperativa Editorial del Magisterio, _c2001. |
||
| 300 | _a222 p. | ||
| 336 | _2rdacontent | ||
| 337 |
_2rdamedia _asin mediacion _bn |
||
| 338 |
_2rdacarrier _avolumen _bnc |
||
| 490 | 1 | _aColección Aula Abierta | |
| 500 | _aIncluye glosario (p. 217-218) | ||
| 504 | _aBibliografia (p. 219-221) | ||
| 505 | 8 | _aAcción de los medios educativos en la escuela actual.--Material para estimular el desarrollo creativo-expresivo.--Medios que facilitan el desarrollo cognoscitivo.--Auxiliares para el desarrollo motor.--Ideas para el maestro | |
| 650 | 1 | 4 | _aMaterial didactico. |
| 700 | 1 | _aPaez Rodríguez, Elizabeth. | |
| 740 | 0 | _aCreatividad y aprendizaje. | |
| 908 | _a160627 | ||
| 942 |
_cBK _h371.33 _iB644 _2ddc |
||
| 999 |
_c2296 _d2296 |
||